000 00448nam a22001697a 4500
005 20170329171839.0
008 170329b xxu||||| |||| 00| 0 eng d
020 _a978-81-318-0698-2
041 _aeng
082 _a658.401
100 _aPUNMIA,DR. B. C
_93585
245 _aPROJECT PLANNING AND CONTROL WITH PERT AND CPM
260 _bLAXHMI PUBLICAATION
_c1982
300 _a250
650 _aENGINEERING
_xCIVIL ENGINEERING
_93682
942 _cBK
999 _c5325
_d5323